zpět

Detail výsledku týmu

Pivní burza Jánská, Brno

Datum a čas kvízu

36 Celkem bodů Celkový počet nahraných bodů na tomto kvízu bez doplňovacích otázek.
3. Pořadí na kvízu Konečné umístění týmu na tomto kvízu.

Zaznamenané odpovědi

# Otázka Odpověď Body Výsledky
1. Čeští archeologové s pomocí no... Juditin most 1
2. Společnost Volkswagen Slovakia... vrácení části odměny za rok 2018 1
3. Fanoušci 67letého britského zp... Sting 1
4. V neděli v 9 hodin začal v Pra... Karel Gott 1
5. Minulý týden začala po rekordn... SK Dynamo České Budějovice 1
6. V tomto tématu se podíváme na... (Sherwood) 1
7. Tato dívka se narodila loupežn... Ronja 0
8. V pohádce Princezna Fantaghiró... Tarabas 0
9. Kdo by neznal hajného Robátka... Josefka 0
10. Kdo z našeho výčtu nehrál ve s... C 1